000 00294nam a22001217a 4500
008 180425b xxu||||| |||| 00| 0 eng d
041 _aeng
080 _a043.3
100 _a0
101 _aINI-BTH
245 _aMenaxhimi dhe organizimi i punishteve në Kosovë
_cXhemaili,G
942 _2udc
_cBK
999 _c45524
_d45524